00608cam a22002171 4500001001300000003000400013005001700017008004100034010001700075025001900092035001900111040001900130042001200149050001800161100002200179245006500201260004000266300003400306600003300340999001700373sa 67004278 DLC20260227112345.0790105s1966 ii ac 000 0 eng  asa 67004278  aPL480:I-E-8038 a(OCoLC)4522044 aDLCcOAkUdDLC apremarc00aDS481.K27bS91 aSubbaraman, P. S.10aKamaraj;bsymbol of Indian democracyc[by] P. S. Subbaraman. a[Bombay]bPopular Prakashanc[1966] a47 p.billus., ports.c25 cm.10aKamaraj, Kumaraswami,d1903- c74356d74356